|
|
|
|
| LEADER |
00925nam a2200265 4500 |
| 001 |
c000318212 |
| 003 |
CARM |
| 005 |
00000000000000.0 |
| 008 |
730711s1973 ne b 00000 eng |
| 010 |
|
|
|a 73163745 //r942
|
| 015 |
|
|
|a Ne***
|
| 019 |
1 |
|
|a 549644
|5 LACONCORD2021
|
| 035 |
|
|
|a (OCoLC)674049
|5 LACONCORD2021
|
| 050 |
|
0 |
|a PJ4717
|b .H3
|
| 082 |
0 |
0 |
|a 492.4/5
|
| 100 |
1 |
|
|a Ḥayon, Yeḥiʾel.
|
| 245 |
1 |
0 |
|a Relativization in Hebrew;
|b a transformational approach.
|
| 260 |
|
|
|a The Hague,
|b Mouton,
|c 1973.
|
| 300 |
|
|
|a 240 p.
|c 26 cm.
|
| 490 |
0 |
|
|a Janua linguarum. Series practica,
|v 189
|
| 504 |
|
|
|a Bibliography: p. 237-240.
|
| 650 |
|
0 |
|a Hebrew language
|x Relative clauses.
|
| 852 |
8 |
|
|b CARM
|h A1:AN21D0
|i F02664
|p 0413647
|f BK
|
| 999 |
f |
f |
|i 1378c626-cb64-5d15-864c-c1042df6aeea
|s 9ae19553-0458-5003-97fc-41b26bf4e015
|
| 952 |
f |
f |
|p Can circulate
|a CAVAL
|b CAVAL
|c CAVAL
|d CARM 1 Store
|e F02664
|f A1:AN21D0
|h Other scheme
|i book
|m 0413647
|